000 005630000a22001810004500
003 MACL
005 20160225165421.0
008 160225b xxu||||| |||| 00| 0 eng d
040 _aMACL
_cMACL
041 _aHindi
082 _a800
100 _aअवस्‍थी इन्‍दुजा
_938891
245 _aनाटक साहित्‍य का अध्‍ययन
260 _bआतमाराम एण्‍ड संस
_c1964
_aनई दिल्‍ली
350 _a7
650 _aLiterature
_940525
942 _cHIN
_k800
_2ddc
999 _c25271
_d25271